000
00298nam a22001337a 4500
008
190225b xxu||||| |||| 00| 0 eng d
020
_a
0669123757
041
_a
eng
080
_a
004
100
_a
29
101
_a
SHKI
245
_a
File Organization and Access
_c
Austing, R.H
942
_2
udc
_c
BK
999
_c
54198
_d
54198